11b : The carnival

Bibliographic Details
Main Author: Murray, W.
Corporate Author: Title
Other Authors: Wingfield, J.H
Format: Book
Published: London : Ladybird
Series:Key words with Ladybird
Subjects:

MARC

LEADER 00000cam a2200000 7i4500
001 0000067267
005 20161022.0
008 070806
020 |a 1844223833 
090 0 0 |a JF   |b EL ENG (4840) 
100 1 |a Murray, W. 
245 1 0 |a 11b :   |b The carnival   |c Written by W. Murray; illustrated by M. Aitchison 
260 |a London :   |b Ladybird 
440 0 |a Key words with Ladybird 
500 |a Children ages 7-9 years old (orange) 
650 0 |a Early learning 
650 0 |a Junior preschool   |x English   |x Languages 
700 1 |a Wingfield, J.H. 
710 0 |a Title 
999 |a 0000893927   |b Book   |c Children Collection   |e Cawangan Tmn. Ungku Tun Aminah 
999 |a 0000893929   |b Book   |c Children Collection   |e Cawangan Pontian 
999 |a 0000893931   |b Book   |c Children Collection   |e Cawangan Bandar Penawar 
999 |a 0000893932   |b Book   |c Children Collection   |e Cawangan Segamat 
999 |a 0000893934   |b Book   |c Children Collection   |e Cawangan Mersing 
999 |a 0001060826   |b Book   |c Children Collection   |e Cawangan Batu Pahat 
999 |a 000893925   |b Book   |c Children Collection   |e Cawangan Batu Pahat 
999 |a 1844223833   |b Book   |c Children Collection   |e Cawangan Sri Merlong